Physical education methods for elementary teachers / (Record no. 24907)
[ view plain ]
| 000 -LEADER | |
|---|---|
| fixed length control field | 00752nam a2200229 a 4500 |
| 005 - DATE AND TIME OF LATEST TRANSACTION | |
| control field | 20140310183548.0 |
| 008 - FIXED-LENGTH DATA ELEMENTS--GENERAL INFORMATION | |
| fixed length control field | 111005s19uu xx 00 eng d |
| 020 ## - INTERNATIONAL STANDARD BOOK NUMBER | |
| International Standard Book Number | 0736067043 |
| 050 ## - LIBRARY OF CONGRESS CALL NUMBER | |
| Classification number | GV 443 |
| Item number | .T495 2008 |
| 100 ## - MAIN ENTRY--PERSONAL NAME | |
| Personal name | Thomas, Katherine T. |
| 245 ## - TITLE STATEMENT | |
| Title | Physical education methods for elementary teachers / |
| Statement of responsibility, etc | Katherine T. Thomas, Amelia Lee, Jerry R. Thomas,. |
| 250 ## - EDITION STATEMENT | |
| Edition statement | 3rd ed. |
| 260 ## - PUBLICATION, DISTRIBUTION, ETC. (IMPRINT) | |
| Place of publication, distribution, etc | Champaign, IL : |
| Name of publisher, distributor, etc | Human Kinetics, |
| Date of publication, distribution, etc | 2008. |
| 300 ## - PHYSICAL DESCRIPTION | |
| Extent | 451 p. : |
| Other physical details | ill. ; |
| Dimensions | 28 cm. |
| 521 ## - TARGET AUDIENCE NOTE | |
| Target audience note | |
| 650 ## - SUBJECT ADDED ENTRY--TOPICAL TERM | |
| Topical term or geographic name as entry element | Physical education for children |
| General subdivision | Study and teaching (Elementary) |
| 650 ## - SUBJECT ADDED ENTRY--TOPICAL TERM | |
| Topical term or geographic name as entry element | Physical education for children |
| General subdivision | Curricula |
| 700 ## - ADDED ENTRY--PERSONAL NAME | |
| Personal name | Lee, Amelia |
| 700 ## - ADDED ENTRY--PERSONAL NAME | |
| Personal name | Thomas, Jerry R. |
| 942 ## - ADDED ENTRY ELEMENTS (KOHA) | |
| Koha item type | Books |
| Source of classification or shelving scheme | Library of Congress Classification |
| Call number prefix | Foreign |
| Withdrawn status | Lost status | Source of classification or shelving scheme | Damaged status | Home library | Current library | Shelving location | Date acquired | Source of acquisition | Total Checkouts | Full call number | Barcode | Date last seen | Copy number | Price effective from | Koha item type |
|---|---|---|---|---|---|---|---|---|---|---|---|---|---|---|---|
| Library of Congress Classification | College Library | College Library | General Circulation Section | 10/05/2011 | Donation | GV 443 .T495 2008 | C13670 | 05/15/2018 | 1 | 10/18/2013 | Books |